Statystyki dla Afryka-Wody

Kliknij tutaj aby rozwiązać quiz!

Ogólne statystyki

  • Ten quiz został rozwiązany 21 razy
  • Średni wynik to 3 z 12

Statystyki odpowiedzi

WodyOdpowiedź% Poprawnych
ZatokaGwinejska
71%
MorzeCzerwone
67%
ZatokaAdeńska
52%
KanałMozambicki
52%
CieśninaGiblartarska
24%
ZatokaSueska
24%
ZatokaWielka Syrta
24%
CieśninaBab-Al-Mandab
19%
CieśninaSycylijska
5%
ZatokaBeninu
0%
ZatokaBifara
0%
ZatokaŚwiętej Heleny
0%

Rozkład punktacji

Percentyl według liczby udzielonych odpowiedzi

Procent ludzi z każdym wynikiem

Twoja historia wyników

Nie rozwiązałeś tego quizu